Being Maasai : (Record no. 78)

MARC details
000 -LEADER
fixed length control field 01590cam a2200397 a 4500
001 - CONTROL NUMBER
control field 641656
003 - CONTROL NUMBER IDENTIFIER
control field OSt
005 - DATE AND TIME OF LATEST TRANSACTION
control field 20230602110156.0
008 - FIXED-LENGTH DATA ELEMENTS--GENERAL INFORMATION
fixed length control field 930609s1993 enkab b 101 0 eng
010 ## - LIBRARY OF CONGRESS CONTROL NUMBER
LC control number 93150108
020 ## - INTERNATIONAL STANDARD BOOK NUMBER
International Standard Book Number 0852552165 (cloth)
020 ## - INTERNATIONAL STANDARD BOOK NUMBER
International Standard Book Number 0852552157 (paper)
020 ## - INTERNATIONAL STANDARD BOOK NUMBER
International Standard Book Number 0821410296 (U.S. : cloth)
020 ## - INTERNATIONAL STANDARD BOOK NUMBER
International Standard Book Number 0821410458 (U.S. : paper)
040 ## - CATALOGING SOURCE
Original cataloging agency DLC
Transcribing agency DLC
Modifying agency DLC
043 ## - GEOGRAPHIC AREA CODE
Geographic area code f-ke---
-- f-tz---
082 ## - DEWEY DECIMAL CLASSIFICATION NUMBER
Classification number 967.6
Item number SPE
100 ## - MAIN ENTRY--PERSONAL NAME
Titles and words associated with a name Thomas Spear
Dates associated with a name 1993
245 00 - TITLE STATEMENT
Title Being Maasai :
Remainder of title ethnicity & identity in East Africa /
Statement of responsibility, etc. edited by Thomas Spear & Richard Waller.
260 ## - PUBLICATION, DISTRIBUTION, ETC. (IMPRINT)
Place of publication, distribution, etc. London :
Name of publisher, distributor, etc. J. Currey ;
Place of publication, distribution, etc. Dar es Salaam :
Name of publisher, distributor, etc. Mkuki na Nyota ;
Place of publication, distribution, etc. Nairobi :
Name of publisher, distributor, etc. EAEP ;
Place of publication, distribution, etc. Athens :
Name of publisher, distributor, etc. Ohio University Press,
Date of publication, distribution, etc. c1993.
300 ## - PHYSICAL DESCRIPTION
Extent xi, 322 p. :
Other physical details ill., maps ;
Dimensions 23 cm.
490 1# - SERIES STATEMENT
Series statement Eastern African studies
500 ## - GENERAL NOTE
General note Chiefly papers presented at the African Studies Association Meeting in Atlanta in 1989.
504 ## - BIBLIOGRAPHY, ETC. NOTE
Bibliography, etc Includes bibliographical references (p. 303-316) and index.
650 #0 - SUBJECT ADDED ENTRY--TOPICAL TERM
Topical term or geographic name as entry element Maasai (African people)
General subdivision Ethnic identity
Form subdivision Congresses.
650 #0 - SUBJECT ADDED ENTRY--TOPICAL TERM
Topical term or geographic name as entry element Maasai (African people)
General subdivision Social life and customs
Form subdivision Congresses.
650 #0 - SUBJECT ADDED ENTRY--TOPICAL TERM
Topical term or geographic name as entry element Ethnicity
Geographic subdivision Kenya
Form subdivision Congresses.
650 #0 - SUBJECT ADDED ENTRY--TOPICAL TERM
Topical term or geographic name as entry element Ethnicity
Geographic subdivision Tanzania
Form subdivision Congresses.
700 1# - ADDED ENTRY--PERSONAL NAME
Personal name Spear, Thomas T.
700 1# - ADDED ENTRY--PERSONAL NAME
Personal name Waller, Richard
Fuller form of name (Richard D.)
710 2# - ADDED ENTRY--CORPORATE NAME
Corporate name or jurisdiction name as entry element African Studies Association.
Subordinate unit Meeting
Date of meeting or treaty signing (1989 :
Location of meeting Atlanta, Ga.)
830 #0 - SERIES ADDED ENTRY--UNIFORM TITLE
Uniform title Eastern African studies (London, England)
906 ## - LOCAL DATA ELEMENT F, LDF (RLIN)
a 7
b cbc
c orignew
d 2
e ncip
f 19
g y-gencatlg
942 ## - ADDED ENTRY ELEMENTS (KOHA)
Source of classification or shelving scheme Dewey Decimal Classification
Koha item type Books
Holdings
Withdrawn status Lost status Source of classification or shelving scheme Damaged status Not for loan Home library Current library Date acquired Total Checkouts Full call number Barcode Date last seen Price effective from Koha item type
    Dewey Decimal Classification     Bunge Tower Library Bunge Tower Library 06/02/2023   967.6 SPE 10014833 06/02/2023 06/02/2023 Books
    Dewey Decimal Classification     Bunge Tower Library Bunge Tower Library 06/07/2023   967.6 SPE 10014835 06/07/2023 06/07/2023 Books
    Dewey Decimal Classification     Bunge Tower Library Bunge Tower Library 06/07/2023   967.6 SPE 10014834 06/07/2023 06/07/2023 Books
    Dewey Decimal Classification     Bunge Tower Library Bunge Tower Library 06/07/2023   967.6 SPE 10014836 06/07/2023 06/07/2023 Books
LIBRARY OPENING HOURS

When the Parliament is sitting: 8.00a.m - 7.00p.m or until the house adjourns
Mondays and Fridays and when the House is on Recess:  8.00a.m - 5.00p.m
Closed on Weekends and Public Holidays

Online Public Access Catalog (OPAC)
Website: http://www.parliament.go.ke
Bunge Library: https://libraryir.parliament.go.ke
Contact: library@parliament.go.ke | Tel no: (254-2)2221291 or 2848000 Ext 5043